[Event "FRA-chT4 0809"]
[Site "France "]
[Date "2009.02.09"]
[Round "5"]
[White "Golic, Nadil"]
[Black "Hantisse, Alain"]
[Result "0-1"]
[WhiteElo "2020"]
[BlackElo "1980"]
[PlyCount "88"]
[EventDate "2008.10.??"]
[EventType "team-tourn"]
[EventRounds "9"]
[EventCountry "FRA"]
[SourceTitle "EXT 2010"]
[Source "ChessBase"]
[SourceDate "2010.11.25"]
[SourceVersion "1"]
[SourceVersionDate "2010.11.25"]
[SourceQuality "1"]

1. d4 Nf6 2. c4 g6 3. Nc3 Bg7 4. e4 d6 5. Be2 0-0 6. Nf3 e5 7. 0-0 Nc6 8. d5 Ne7 9. b4 Nd7 10. Qc2 a5 11. bxa5 Rxa5 12. Na4 f5 13. Ng5 Nc5 14. Nxc5 Rxc5 15. Be3 Ra5 16. Rab1 h6 17. Ne6 Bxe6 18. dxe6 b6 19. f3 Qa8 20. Rb2 f4 21. Bd2 Ra7 22. Bc3 Kh7 23. Bd1 Qc8 24. c5 bxc5 25. Qb3 Rf6 26. Be2 Rxe6 27. Bc4 Rf6 28. Rfb1 Rf8 29. a4 Qa8 30. a5 c6 31. Rd1 Rd8 32. Qb6 d5 33. exd5 cxd5 34. Be2 Rc8 35. Qb5 c4 36. Be1 e4 37. Rc2 e3 38. Rb1 Qc6 39. Qb4 Rcc7 40. Qb8 Ra8 41. Qb5 Rcc8 42. Qxc6 Nxc6 43. Rb5 Nd4 44. Ra2 Nxb5 0-1